Estatísticas para Países mais próximos de Ucrânia

Clique aqui para jogar o quiz

Estatísticas Gerais

  • Esse quiz foi jogado 80 vezes
  • A pontuação média é 16 de 20

Estatísticas das Respostas

kmpaís% Correto
0Rússia
100%
0Polônia
99%
0Moldávia
94%
0Bielorrússia
93%
220Lituânia
93%
0Romênia
93%
0Hungria
91%
0Eslováquia
90%
467Letónia
90%
148Bulgária
85%
285Sérvia
82%
365Turquia
82%
368Croácia
76%
432Grécia
76%
469Eslovénia
72%
372Áustria
71%
436Bósnia e
Herzegovina
69%
264Chéquia
69%
417Geórgia
66%
468Cazaquistão
43%

Distribuição das Pontuações

Percentil de Números Respondidos

Porcentagem de Pessoas com Cada Pontuação

Sua Pontuação Histórica

Você não jogou esse quiz